header

Trading the China market with American depository receipts (Record no. 54883)

MARC details
000 -LEADER
fixed length control field 01274nam a2200313 a 4500
100 1# - MAIN ENTRY--AUTHOR NAME
Personal name Voon, Alan.
245 10 - TITLE STATEMENT
Title Trading the China market with American depository receipts
260 ## - PUBLICATION, DISTRIBUTION, ETC. (IMPRINT)
Place of publication Singapore :
Name of publisher J. Wiley & Sons Singapore,
Year of publication 2012.
300 ## - PHYSICAL DESCRIPTION
Number of Pages ix, 179 p. :
Other physical details ill.
500 ## - GENERAL NOTE
General note Includes index.
505 0# - FORMATTED CONTENTS NOTE
Formatted contents note pt. 1. An introduction to American depository receipts -- pt. 2. ADR case studies.
650 #0 - SUBJECT ADDED ENTRY--TOPICAL TERM
Topical Term American depository receipts.
Topical Term Stocks
856 40 - ELECTRONIC LOCATION AND ACCESS
Uniform Resource Identifier http://site.ebrary.com/lib/rucke/Doc?id=10618647

No items available.

© 2026 Rongo University
Contact us: librarian | system librarian | Rongo university